Statistiques concernant Langues latine

Cliquez ici pour prendre le quiz!

Statistiques générales

  • Ce quiz a été pris 184 fois
    (75 depuis la dernière actualisation)
  • Le résultat moyen est 11 sur 39

Statistiques - réponses

Type de langueRéponse% Correct
NationaleFrançais
96%
NationaleEspagnol
94%
NationaleItalien
94%
MorteLatin
94%
NationalePortugais
91%
NationaleRoumain
80%
RégionaleCatalan
68%
RégionaleCorse
48%
RégionaleOccitan
46%
RégionaleRomanche
45%
RégionaleGalicien
33%
RégionaleSarde
32%
RégionaleLombard
25%
RégionalePicard
25%
RégionalePiémontais
19%
RégionaleNormand
17%
RégionaleWallon
17%
RégionaleGallo
16%
RégionaleVénitien
14%
RégionaleAragonais
12%
RégionaleLigure
12%
RégionaleAsturien
10%
RégionaleAroumain
9%
RégionaleLorrain
9%
RégionaleBourguignon
7%
RégionaleFranc-Comtois
7%
RégionalePoitevin-Saintongeais
7%
RégionaleEmilien
6%
RégionaleFrioulan
6%
RégionaleTourangeau
6%
RégionaleChampenois
4%
RégionaleLadin
4%
RégionaleArpitan
1%
RégionaleEstrémègne
1%
RégionaleIstriote
1%
RégionaleIstro-roumain
1%
RégionalePapiamento
1%
RégionaleMéglénite
0%
RégionaleRomagnolien
0%

Distribution des résultats

Percentile par nombre de réponses

% des personnes avec chaque résultat

Votre développement - résultats

Vous n’avez pas pris ce quiz depuis la dernière actualisation